| 000 | 00608nam a2200205Ia 4500 | ||
|---|---|---|---|
| 005 | 20250923145341.0 | ||
| 008 | 008 250917s9999 xx 000 0 eng d | ||
| 037 | _aTextual | ||
| 040 |
_aDSWL _beng _cDSWL |
||
| 041 |
_aeng _2eng |
||
| 084 |
_aY11:7.2, N76 _qDSWL |
||
| 100 |
_aRaz, S. Mohimuddin _9834371 |
||
| 245 | 4 |
_aThe process of socialization: A multi Ethnic Study _c by S. Mohimuddin Raz |
|
| 260 |
_aNew Delhi _b Chetana Publiction _c1976 |
||
| 300 | _a164p. | ||
| 365 |
_aINR _b31 . 50 |
||
| 925 | _g31 . 50 | ||
| 942 |
_cTEXL _hY11:7.2, N76 |
||
| 999 |
_c1450325 _d1450325 |
||